| Поле | Инд. | ПП | Название | Значение |
|---|---|---|---|---|
| Тип записи | a | |||
| Библиографический уровень | m | |||
| 001 | Контрольный номер | RU/IS/BASE/406379252 | ||
| 005 | Дата корректировки | 20220711085511.6 | ||
| 020 | a | ISBN | 978-5-98704-626-5 | |
| 040 | a | Служба первич. каталог. | НБ ТвГУ | |
| b | Код языка каталог. | rus | ||
| e | Правила каталог. | PSBO | ||
| 041 | 0_ | a | Код языка текста | rus |
| 080 | a | Индекс УДК | 1:572 | |
| 084 | a | Индекс другой классификации/Индекс ББК | Ю52 | |
| 084 | a | Индекс другой классификации/Индекс ББК | С028.13 | |
| 090 | a | Полочн. индекс | Ю52 | |
| x | Авторский знак | З-91 | ||
| 100 | 1_ | a | Автор | Зубко Галина Васильевна |
| e | Роль лиц | Автор | ||
| 245 | 10 | a | Заглавие | Древнее знание о Человеке |
| b | Продолж. заглавия | миссия Человека на Земле | ||
| c | Ответственность | Г. В. Зубко | ||
| 260 | a | Место издания | Москва | |
| b | Издательство | Логос | ||
| c | Дата издания | 2012 | ||
| 300 | a | Объем | 538, [4] с. | |
| b | Иллюстрации/ тип воспроизводства | ил. | ||
| 500 | a | Примечание | На 4-й с. обл. авт.: д-р культурологии, проф. Г. В. Зубко. - Рез. на англ. яз. | |
| 504 | a | Библиография | Библиогр. в подстроч. примеч. - Др. книги авт. на 4-й с. обл. | |
| 520 | 0_ | a | Аннотация | В книге предпринята попытка реконструировать древнейшее знание о Мире и Человеке. Проведен анализ древних мифов, повествующих о становлении Мироздания и появлении Человека, выявлены общие смысловые схемы. Это единство демонстрируется на материале совершенно разных мифологических систем – мифов Древнего Египта, австралийских аборигенов, а также друидической традиции. Идет речь о структурирующих принципах древнего знания, определявших всю жизнь человека, а также о миссии Человека на Земле, которая, судя по мифам, состоит в развитии сознания на основе познания и творчества. Анализируются данные, возможно, свидетельствующие о существовании в прошлом высокоразвитых цивилизаций, например, мотивы о так называемых «цивилизаторах». Излагаемый материал сопровождается многочисленными иллюстрациями. Для философов, культурологов, историков. Может использоваться в учебном процессе в вузах при подготовке программ по социально-философским и гуманитарным направлениям и специальностям. Представляет интерес для широкого круга читателей. |
| 653 | 0_ | a | Ключевые слова | Древнее знание о человеке |
| a | Ключевые слова | Древний мир | ||
| a | Ключевые слова | Мироздание | ||
| a | Ключевые слова | Мифология | ||
| a | Ключевые слова | Мифы в общественном сознании | ||
| a | Ключевые слова | Общественное сознание | ||
| a | Ключевые слова | Социальная мифология | ||
| a | Ключевые слова | Социальная философия | ||
| a | Ключевые слова | Философия | ||
| a | Ключевые слова | Философия человека | ||
| a | Ключевые слова | Философская антропология | ||
| a | Ключевые слова | Человек | ||
| 852 | 41 | i | Расстановочный признак | Проверка 2022 |
| 901 | t | Тип документа | m | |
| 920 | a | Оператор | Густ | |
| a | Оператор | Семен | ||
| a | Оператор | Петр | ||
| 930 | a | Новая/Ретро | ретро | |
| 952 | c | Вид литературы | К рн | |
| 954 | a | Дата поступления на обработку | 20130125 | |
| e | Дата перешифровки | 20220217 | ||
| 954 | a | Дата поступления на обработку | 20220711 |